[Event "Green Open"]
[Site "Seattle CC"]
[Date "2008.09.14"]
[Round "3"]
[White "McLaren, Sean"]
[Black "Bartron, Paul"]
[Result "1-0"]
[WhiteElo "1975"]
[BlackElo "2141"]
[PlyCount "56"]
[EventDate "2008.09.14"]
[Source "Harrison"]
[SourceDate "2008.09.28"]

1. e4 c5 2. Nc3 e6 3. g3 d5 4. d3 dxe4 5. Nxe4 Be7 6. Bg2 Nf6 7. Ne2 Nc6 8. O-O
O-O 9. Be3 Nd4 10. c3 Nxe2+ 11. Qxe2 Qc7 12. Nxf6+ Bxf6 13. Qh5 e5 14. Bg5 Bxg5
15. Qxg5 Be6 16. Rfe1 f6 17. Qe3 Bf7 18. a3 Rad8 19. Rad1 b6 20. h4 Rfe8 21. g4
Qd7 22. Qg3 Qb5 23. Rd2 Bg6 24. Bf1 Qc6 25. h5 Bf7 26. Rde2 c4 27. Re3 cxd3 28.
Bxd3 Bc4 $11 {Black probably stopped recording moves here.} 1-0

[Event "Green Open"]
[Site "Seattle CC"]
[Date "2008.09.14"]
[Round "4"]
[White "Leblanc, Paul"]
[Black "Lee, Megan"]
[Result "0-1"]
[WhiteElo "1882"]
[BlackElo "1902"]
[PlyCount "52"]
[EventDate "2008.09.14"]
[Source "Harrison"]
[SourceDate "2008.09.28"]

1. d4 d5 2. g3 Bf5 3. Bg2 e6 4. Nf3 Nf6 5. c4 c6 6. O-O Be7 7. Nc3 O-O 8. e3
Nbd7 9. b3 Rc8 10. Bb2 Re8 11. Qe2 Ne4 12. Nd2 Nxd2 13. Qxd2 Nf6 14. f3 c5 15.
dxc5 Bxc5 16. Na4 dxc4 17. Qxd8 Bxe3+ 18. Kh1 Rexd8 19. Rfe1 Bd2 20. Re2 cxb3
21. axb3 Bc2 22. f4 Bxb3 23. Bxb7 Rc2 24. Be5 Ng4 25. Be4 Rc4 26. Nb2 Rxe4 0-1

[Event "Green Open"]
[Site "Seattle CC"]
[Date "2008.09.14"]
[Round "4"]
[White "O'Gorman, Peter"]
[Black "Watts, Peter"]
[Result "1-0"]
[WhiteElo "1867"]
[BlackElo "1916"]
[Annotator "Harrison"]
[PlyCount "57"]
[EventDate "2008.09.14"]
[Source "Harrison"]
[SourceDate "2008.09.28"]

1. e4 e5 2. Nf3 Nc6 3. d4 exd4 4. Bc4 Nf6 5. O-O Nxe4 6. Re1 d5 7. Bxd5 Qxd5 8.
Nc3 Qh5 (8... Qa5 9. Nxe4 Be6 $11) 9. Nxe4 Be7 10. Bg5 f6 (10... Bg4 11. Bxe7
$11) 11. Bxf6 O-O 12. Bxe7 Nxe7 13. Nxd4 Qf7 14. Qe2 Nd5 15. Ng5 Qf6 16. Nxh7
Qxd4 17. Nxf8 Nf4 18. Qf3 Qf6 19. Re8 Nh3+ 20. Kf1 Qxf3 21. gxf3 Kf7 22. Rae1
Nf4 23. R1e7+ Kf6 24. Ke1 Nd5 25. Rd7 c6 26. Rdd8 Ne7 27. Nh7+ Kf7 28. Ng5+ Kf6
29. Ne4+ 1-0

[Event "Green Open - Reserve Section"]
[Site "Seattle CC"]
[Date "2008.09.13"]
[Round "1"]
[White "Long, Hugh"]
[Black "Goodfellow, Robert"]
[Result "1-0"]
[WhiteElo "1683"]
[BlackElo "1366"]
[PlyCount "43"]
[EventDate "2008.09.14"]
[Source "Harrison"]
[SourceDate "2008.09.28"]

1. d4 Nf6 2. c4 c5 3. e3 cxd4 4. exd4 d5 5. Nf3 dxc4 6. Bxc4 e6 7. O-O Bd7 8.
Bg5 b5 9. Bb3 Be7 10. Re1 a5 11. a3 O-O 12. Nc3 Na6 13. Qd3 b4 14. Bc2 bxc3 15.
Bxf6 g6 16. Bxe7 Qxe7 17. bxc3 Rfc8 18. c4 Rd8 19. Rab1 Bc6 20. Ne5 Rac8 21.
Qe3 Qh4 22. Rb6 1-0

[Event "Green Open - Reserve Section"]
[Site "Seattle CC"]
[Date "2008.09.13"]
[Round "2"]
[White "Kaul, Sheen"]
[Black "Long, Hugh"]
[Result "0-1"]
[WhiteElo "1331"]
[BlackElo "1683"]
[PlyCount "116"]
[EventDate "2008.09.14"]
[Source "Harrison"]
[SourceDate "2008.09.28"]

1. c4 c5 2. d3 Nc6 3. Nc3 e6 4. Nf3 Nf6 5. Bg5 Be7 6. e3 h6 7. Bh4 g5 8. Bg3
Nh5 9. Be2 Nxg3 10. fxg3 d5 11. cxd5 exd5 12. d4 Be6 13. a3 Qd7 14. O-O O-O-O
15. Qa4 Kb8 16. Rfc1 f6 17. Rd1 g4 18. Ne1 h5 19. Bd3 h4 20. gxh4 Rxh4 21. g3
Rh6 22. Rd2 f5 23. dxc5 Bxc5 24. Qf4+ Qd6 25. Qxh6 Qe5 26. Nc2 d4 27. Nd1 dxe3
28. Ncxe3 Nd4 29. Kf2 Nb3 30. Qg5 Rd7 31. Qf4 Qxf4+ 32. gxf4 Nxa1 33. Ke2 Nb3
34. Rc2 Nd4+ 35. Kd2 Nxc2 36. Kxc2 Bd6 37. Ng2 Rh7 38. Nde3 Rxh2 39. Bf1 Bxf4
40. Kd3 Bxe3 41. Kxe3 Kc7 42. Nf4 Kd6 43. Nxe6 Kxe6 44. b3 Ke5 45. Kd3 f4 46.
a4 g3 47. b4 g2 48. Bxg2 Rxg2 49. b5 Ra2 50. a5 Rxa5 51. b6 axb6 52. Ke2 Ke4
53. Kf2 Ra2+ 54. Ke1 f3 55. Kf1 Ke3 56. Kg1 Ra1+ 57. Kh2 f2 58. Kg3 f1=Q 0-1

[Event "Green Open - Reserve Section"]
[Site "Seattle CC"]
[Date "2008.09.14"]
[Round "3"]
[White "Long, Hugh"]
[Black "Breneman, Jesse"]
[Result "1/2-1/2"]
[WhiteElo "1683"]
[BlackElo "1535"]
[PlyCount "98"]
[EventDate "2008.09.14"]
[Source "Harrison"]
[SourceDate "2008.09.28"]

1. d4 Nf6 2. c4 c5 3. e3 g6 4. Nf3 Bg7 5. Be2 O-O 6. O-O d6 7. Nc3 Bg4 8. d5
Nbd7 9. e4 a6 10. h3 Bxf3 11. Bxf3 b5 12. cxb5 axb5 13. Nxb5 Ne5 14. Bd2 Qb6
15. a4 Nd3 16. Bc3 Nb4 17. b3 Rfd8 18. Qe2 Rac8 19. g4 e6 20. dxe6 fxe6 21.
Nxd6 Qxd6 22. e5 Qe7 23. exf6 Bxf6 24. Bxf6 Qxf6 25. Rfe1 Rd3 26. Bg2 Kf7 27.
a5 Rcd8 28. a6 Rd2 29. Qf3 Qxf3 30. Bxf3 Nd5 31. a7 Ra8 32. Rec1 Ke7 33. Rxc5
Kd6 34. Rb5 Kc7 35. Rc1+ Kd6 36. Ra5 Rd3 37. Bxd5 exd5 38. Rb1 Rxh3 39. b4 Rc3
40. b5 Rc7 41. b6 Rb7 42. Ra3 Kc6 43. Rc3+ Kd6 44. Kf1 Raxa7 45. Ke2 Ra6 46.
Rcb3 Kc5 47. Kd3 Raxb6 48. Rc3+ Kd6 49. Rbc1 Rb3 {
and the players traded one pair of rooks and eventually drew.} 1/2-1/2

[Event "Green Open - Reserve Section"]
[Site "Seattle CC"]
[Date "2008.09.14"]
[Round "4"]
[White "Guo, Anthony"]
[Black "Long, Hugh"]
[Result "0-1"]
[WhiteElo "1380"]
[BlackElo "1683"]
[PlyCount "48"]
[EventDate "2008.09.14"]
[Source "Harrison"]
[SourceDate "2008.09.28"]

1. c4 e5 2. Nc3 Nf6 3. g3 c5 4. Bg2 Nc6 5. e4 d6 6. d3 Bg4 7. f3 Be6 8. Nge2
Be7 9. Be3 O-O 10. O-O Nd7 11. f4 f5 12. exf5 Bxf5 13. Nd5 Rb8 14. Nec3 exf4
15. Nxf4 Nde5 16. Bd5+ Kh8 17. d4 Ng4 18. Bf2 Nxf2 19. Rxf2 Nxd4 20. Ne4 Qd7
21. Qh5 Qe8 22. Qxe8 Rfxe8 23. Re1 Bf6 24. Ng2 Be5 {
remaining moves indecipherable.} 0-1

[Event "Green Open - Reserve Section"]
[Site "Seattle CC"]
[Date "2008.09.13"]
[Round "2"]
[White "Buck, Stephen"]
[Black "Chi, Quentin"]
[Result "0-1"]
[WhiteElo "1700"]
[BlackElo "1355"]
[PlyCount "55"]
[EventDate "2008.09.14"]
[Source "Harrison"]
[SourceDate "2008.09.28"]

1. c4 c5 2. Nf3 Nf6 3. Nc3 e6 4. d4 cxd4 5. Nxd4 Bb4 6. Bd2 Nc6 7. Nc2 Be7 8.
g3 d5 9. cxd5 Nxd5 10. Bg2 Bf6 11. Nxd5 exd5 12. Nb4 Be6 13. Nxc6 bxc6 14. Qc2
Qd7 15. Rc1 Rc8 16. Bc3 Bxc3+ 17. Qxc3 O-O 18. O-O Bh3 19. Rfd1 Bxg2 20. Kxg2
Rfe8 21. Rh1 Rf8 22. Qd3 Qg4 23. Qd1 Qe4+ 24. Kg1 Rb8 25. b3 Rb4 26. a3 Rb6 27.
b4 a5 28. Qa4 {scoresheet indecipherable} 0-1

[Event "Green Open - Reserve Section"]
[Site "Seattle CC"]
[Date "2008.09.14"]
[Round "4"]
[White "Hu, Jiayi"]
[Black "Chi, Quentin"]
[Result "*"]
[WhiteElo "1337"]
[BlackElo "1355"]
[PlyCount "51"]
[EventDate "2008.09.14"]
[Source "Harrison"]
[SourceDate "2008.09.28"]

1. d4 Nf6 2. c4 g6 3. Nc3 Bg7 4. e4 d6 5. f3 O-O 6. Be3 a6 7. Bd3 Nbd7 8. Qd2
c5 9. d5 Ne5 10. Nge2 Bd7 11. O-O-O b5 12. cxb5 c4 13. Bc2 axb5 14. Bh6 Bxh6
15. Qxh6 b4 16. Nb1 Rxa2 17. Rdf1 b3 18. Nbc3 Ra1+ 19. Bb1 Nd3+ 20. Kd2 Nxb2
21. g4 Na4 22. h4 Kh8 23. h5 Nxc3 24. Nxc3 Rg8 25. hxg6 Rxg6 26. Qh4 (26. Qh4
Qb6 27. Qf2 Qxf2+ 28. Rxf2 $19) *

[Event "Green Open - Reserve Section"]
[Site "Seattle CC"]
[Date "2008.09.13"]
[Round "1"]
[White "Bashansky, Ethan"]
[Black "Smith, Catherine"]
[Result "1-0"]
[WhiteElo "1317"]
[BlackElo "1491"]
[PlyCount "67"]
[EventDate "2008.09.14"]
[Source "Harrison"]
[SourceDate "2008.09.28"]

1. d4 d5 2. e3 Nf6 3. Bd3 Nbd7 4. f4 c5 5. Nf3 c4 6. Be2 Ne4 7. Nbd2 Ndf6 8.
Ne5 e6 9. O-O Bd6 10. c3 Bd7 11. Qc2 O-O 12. Nxe4 Nxe4 13. Rf3 f5 14. Rh3 Rf6
15. Bd2 Bxe5 16. fxe5 Rh6 17. Rxh6 gxh6 18. Rf1 Be8 19. Rf4 Nxd2 20. Qxd2 Qg5
21. Qe1 Bh5 22. Bxh5 Qxh5 23. Qg3+ Qg6 24. Kf2 b5 25. Rh4 Qxg3+ 26. Kxg3 Kg7
27. Kf4 Kg6 28. g4 Rf8 29. Kg3 a5 30. a3 b4 31. axb4 axb4 32. gxf5+ exf5 33.
Kf4 h5 34. e6 1-0

[Event "Green Open - Reserve Section"]
[Site "Seattle CC"]
[Date "2008.09.13"]
[Round "2"]
[White "Hu, Jiayi"]
[Black "Bashansky, Ethan"]
[Result "0-1"]
[WhiteElo "1337"]
[BlackElo "1317"]
[PlyCount "108"]
[EventDate "2008.09.14"]
[Source "Harrison"]
[SourceDate "2008.09.28"]

1. d4 d5 2. c4 c6 3. Nc3 Bf5 4. Nf3 Nd7 5. e3 e6 6. Be2 Bd6 7. O-O Ngf6 8. Bd2
Ne4 9. Rc1 O-O 10. cxd5 exd5 11. Be1 Re8 12. Bd3 Qf6 13. Qc2 Re6 14. Ne2 Qg6
15. a3 Ndf6 16. Bb4 Bc7 17. Rfd1 Bh3 18. Ng3 Bg4 19. Re1 Rae8 20. Nd2 Qg5 21.
Nf3 Bxf3 22. gxf3 Nxg3 23. hxg3 Nd7 24. Bxh7+ Kh8 25. Bd3 Rh6 26. Kg2 a5 27.
Bc3 g6 28. Rh1 Kg7 29. e4 Rxh1 30. Rxh1 dxe4 31. Bxe4 Nf6 32. Bd2 Qb5 33. Bh6+
Kg8 34. Bxg6 Re2 35. Qf5 Qxf5 36. Bxf5 Rxb2 37. Rb1 Rxb1 38. Bxb1 Bb6 39. Be3
Nd5 40. Be4 Kg7 41. Bf5 Nxe3+ 42. fxe3 c5 43. d5 c4 44. Bc2 Bxe3 45. d6 b5 46.
Kf1 Kf8 47. Ke2 Bc5 48. d7 Ke7 49. a4 b4 50. Bf5 b3 51. Kd2 Bb4+ 52. Kc1 c3 53.
g4 c2 54. g5 Ba3+ 0-1

[Event "Green Open - Reserve Section"]
[Site "Seattle CC"]
[Date "2008.09.13"]
[Round "1"]
[White "Guo, Anthony"]
[Black "Buck, Stephen"]
[Result "1/2-1/2"]
[WhiteElo "1380"]
[BlackElo "1700"]
[PlyCount "59"]
[EventDate "2008.09.14"]
[Source "Harrison"]
[SourceDate "2008.09.28"]

1. c4 e5 2. Nc3 Nf6 3. g3 d5 4. cxd5 Nxd5 5. Bg2 Ne7 6. Nf3 Nbc6 7. d3 Nf5 8.
Bd2 Be7 9. Rc1 O-O 10. O-O Be6 11. b3 f6 12. Ne4 Rb8 13. Nc5 Bxc5 14. Rxc5 Ncd4
15. Nxd4 Nxd4 16. e3 Nf5 17. Qc2 c6 18. Rc1 Qd7 19. Bb4 Rfd8 20. Be4 g6 21. Qe2
Ne7 22. R5c3 Nd5 23. Bxd5 Bxd5 24. e4 Be6 25. Bc5 a6 26. Rd1 Qf7 27. d4 exd4
28. Bxd4 Rd7 29. e5 f5 30. f4 1/2-1/2

[Event "Green Open - Reserve Section"]
[Site "Seattle CC"]
[Date "2008.09.13"]
[Round "2"]
[White "Hu, Kaicheng"]
[Black "Guo, Anthony"]
[Result "0-1"]
[WhiteElo "1274"]
[BlackElo "1380"]
[PlyCount "64"]
[EventDate "2008.09.14"]
[Source "Harrison"]
[SourceDate "2008.09.28"]

1. d4 e6 2. c4 f5 3. Nf3 Nf6 4. Nc3 d6 5. e3 Be7 6. Bd3 Nc6 7. a3 Bd7 8. O-O
O-O 9. b4 e5 10. Bc2 e4 11. Nd2 Qe8 12. Bb2 Qg6 13. f3 Qh6 14. Qe2 exf3 15.
Rxf3 g6 16. Raf1 Rae8 17. Rg3 Ng4 18. Rh3 Qg5 19. e4 Nxd4 20. Qd3 Nxc2 21. Qxc2
Ne3 22. Rg3 Nxc2 23. Rxg5 Bxg5 24. Nf3 Be3+ 25. Kh1 fxe4 26. Nd5 exf3 27. Nf6+
Rxf6 28. Bxf6 f2 29. h3 Bf5 30. Rd1 Ne1 31. Bh4 f1=Q+ 32. Kh2 Qxg2# 0-1

[Event "Green Open - Reserve Section"]
[Site "Seattle CC"]
[Date "2008.09.13"]
[Round "1"]
[White "Chang, Evangeline"]
[Black "Hu, Jiayi"]
[Result "0-1"]
[WhiteElo "747"]
[BlackElo "1337"]
[PlyCount "128"]
[EventDate "2008.09.14"]
[Source "Harrison"]
[SourceDate "2008.09.28"]

1. e4 e6 2. d4 d5 3. exd5 exd5 4. c4 Nf6 5. Nc3 c5 6. cxd5 Nxd5 7. Nxd5 Qxd5 8.
Be3 cxd4 9. Qxd4 Qxd4 10. Bxd4 Nc6 11. Bc3 Bf5 12. Bb5 O-O-O 13. Bxc6 bxc6 14.
Ne2 f6 15. O-O Bd3 16. Rfe1 Bc5 17. Rad1 Rhe8 18. Ba5 Bb6 19. Bxb6 axb6 20. Ng3
Rxe1+ 21. Rxe1 Bc4 22. Rc1 Bb5 23. a3 Rd2 24. b4 Ra2 25. h3 Rxa3 26. Rb1 Bd3
27. Rb2 c5 28. bxc5 bxc5 29. Rd2 c4 30. Ne2 Bg6 31. Rd1 c3 32. Nxc3 Rxc3 33.
Re1 Kd7 34. Kh1 Rc2 35. Kg1 Rc7 36. Kf1 Rc5 37. Kg1 Rg5 38. Kh2 Bf7 39. Kg1 Be6
40. Rd1+ Ke7 41. Re1 Kf7 42. Rb1 Bxh3 43. Rb7+ Kg6 44. g3 Bg4 45. Rb2 Bf3 46.
Kf1 Rd5 47. Rb1 Rh5 48. Ke1 Rh1+ 49. Kd2 Rxb1 50. Ke3 Rb3+ 51. Kf4 Kf7 52. g4
g5+ 53. Kg3 h5 54. gxh5 Bxh5+ 55. Kg2 f5 56. Kh2 g4 57. Kg2 f4 58. Kh2 g3+ 59.
fxg3 fxg3+ 60. Kg2 Kg6 61. Kg1 Rb5 62. Kg2 Rg5 63. Kg1 g2 64. Kf2 g1=Q# 0-1

[Event "Green Open - Reserve Section"]
[Site "Seattle CC"]
[Date "2008.09.14"]
[Round "3"]
[White "Goodfellow, Robert"]
[Black "Hu, Jiayi"]
[Result "0-1"]
[WhiteElo "1366"]
[BlackElo "1337"]
[PlyCount "32"]
[EventDate "2008.09.14"]
[Source "Harrison"]
[SourceDate "2008.09.28"]

1. c4 e6 2. Nc3 d5 3. b3 Nf6 4. cxd5 exd5 5. Bb2 Bf5 6. Nf3 Nc6 7. g3 Bc5 8.
Bg2 O-O 9. O-O Qd7 10. Rc1 Rad8 11. Nb5 Be7 12. Nbd4 Nxd4 13. Bxd4 b6 14. Ne5
Qe6 15. Rxc7 Bd6 16. Rc6 Qe8 ({White resigned prematurely, as after} 16... Qe8
17. f4 $1 Bxe5 18. fxe5 Qxc6 19. exf6 {
white has compensation for the sacrificed exchange.}) 0-1

[Event "Green Open - Reserve Section"]
[Site "Seattle CC"]
[Date "2008.09.14"]
[Round "3"]
[White "Buck, Stephen"]
[Black "Yee, Nathaniel"]
[Result "0-1"]
[WhiteElo "1700"]
[BlackElo "1250"]
[PlyCount "68"]
[EventDate "2008.09.14"]
[Source "Harrison"]
[SourceDate "2008.09.28"]

1. c4 e5 2. Nc3 Nf6 3. g3 d5 4. cxd5 Nxd5 5. Bg2 Be6 6. Nf3 Nc6 7. d3 Bc5 8.
O-O Qd7 9. Bd2 O-O-O 10. a3 f6 11. Na4 Bd6 12. b4 h5 13. Nc5 Bxc5 14. bxc5 h4
15. Qa4 hxg3 16. hxg3 Bh3 17. Nh4 g5 18. Rab1 gxh4 19. Rxb7 Kxb7 20. Rb1+ Nb6
21. cxb6 cxb6 22. Bf3 hxg3 23. fxg3 Qd4+ 24. Qxd4 exd4 25. a4 Rhg8 26. Kf2 Rde8
27. a5 Bg4 28. axb6 axb6 29. Ba5 Rxe2+ 30. Kf1 Kc7 31. Bxb6+ Kd6 32. Bxc6 Kxc6
33. Bxd4 Ra2 34. Bg1 Rh8 0-1